00524nam a2200121Ia 4500008004100000245021500041260003500256260000900291300000800300500001500308650001300323856006600336170516s9999 xx 000 0 und d aFormulation and evaluation of acyclovir nanosuspension for enhancement of oral bioavailability Mangesh Ramesh Bhalekar, Prashant Girish Upadhaya, Satish Reddy, Sanjay J. Kshirsagar, Ashwini Raghvendra Madgulkar bAsian Journal of Pharmaceutics c2014 a8:2 aApril-June xPharmacy uhttp://www.asiapharmaceutics.info/index.php/ajp/issue/view/48